00543nam a2200181 a 450000100060000000300090000600800410001502000150005604000280007108200330009910000300013224500370016226000460019930000110024565000350025665000510029165000190034216173CO-ViMGA141112s2004 ck r 000 u spa d a8433908634 aCO-ViMGAbspacCO-ViMGA04a833.91 E593e (NO DISPONIBLE)1 aEnzensberger, Hans Magnus10aEl corto verano de la Anarquía aBarcelona (España) : bAnagrama, c1998 a276.p.14aANARQUISMO - ESPAÑA - NOVELA14aESPAÑA - GUERRA CIVIL - 1936 - 1939 - NOVELA14aNOVELA ALEMANA